| 000 | 00324nam a2200121Ia 4500 | ||
|---|---|---|---|
| 005 | 20251222154426.0 | ||
| 008 | 251222s9999||||xx |||||||||||||| ||spa|| | ||
| 020 | _a0-8053-6168-5 | ||
| 082 | _a612.007.8/Z37 | ||
| 100 | _a"Zao, Peter Z." | ||
| 245 | 0 | _aPhysioEx version 2.0. Laboratory simulations in physiology | |
| 942 | _cLIB | ||
| 999 |
_c36232 _d36232 |
||